Thoughts and notions : High beginning reading practice with answers / Linda Lee, Barbara Bushby ; Lê Ngọc Phương Nam chú giải.

Kaydedildi:
Detaylı Bibliyografya
Materyal Türü: Kitap
Baskı/Yayın Bilgisi: Nxb Trẻ 2000
Etiketler: Etiketle
Etiket eklenmemiş, İlk siz ekleyin!
Thư viện lưu trữ: Mạng thư viện Đại học Đà Nẵng
LEADER 00550nam a22001811a 4500
001 000035632
003 11919
005 20160318111211.0
008 160318s2000 000
082 |a 420  |b LE-L 
245 |a Thoughts and notions : High beginning reading practice with answers / Linda Lee, Barbara Bushby ; Lê Ngọc Phương Nam chú giải.  |c Lee, Linda 
260 |a Nxb Trẻ  |c 2000 
OWN |a LNN 
999 |a From the UDN01 
TYP |a Monograph 
980 |a Mạng thư viện Đại học Đà Nẵng